000 01017cam a22001934a 4500
005 20250605164338.0
008 250528s ||||||||||||||||||||||||d
035 _a23522
040 _aGR-AtMCL
_bgre
_dGR-AtMCL
_eAACR2
245 1 _aModern Day Piracy and Maritime Terrorism
260 _c2014
300 _a46
520 _aIntroduction to Somali Based Piracy, Somalia Road to Chaos and the Failed State, From Fishermen to Pirates a Modus Operandi, A Historical Account of Incidents, Land Bases and Tribal Culture, Numbers, The Global Response, The First Reactions, Organizations/ Navies/ PMSC's, Vessels Transiting the HRA - Procedure ferom A-Z, The Gulf of Guinea, A Different Environment a Different Threat, The Laws and the States, The Groups of Terror, Response and Actions Taken, Numbers, SE Asia, The Phenomenon, Response and Actions Taken, Numbers.
700 1 _aManiatis Dimitris
_99095
700 1 _aΣερεμέλης Αλέξανδρος
942 _cDS
999 _c8524
_d8524